عبد الناصر و الموقف القومي تجاه الأمة العربية / (رقم التسجيلة. 129952)

تفاصيل مارك
000 -LEADER
fixed length control field 00620nam a22001817a 4500
005 - DATE AND TIME OF LATEST TRANSACTION
control field 20251108175247.0
008 - FIXED-LENGTH DATA ELEMENTS--GENERAL INFORMATION
fixed length control field 250721s2014 xx 000 0 ara d
082 14 - DEWEY DECIMAL CLASSIFICATION NUMBER
Classification number 962.061/قاس
100 1# - MAIN ENTRY--PERSONAL NAME
Personal name القاسمي، خالد بن محمد مبارك
245 10 - TITLE STATEMENT
Title عبد الناصر و الموقف القومي تجاه الأمة العربية /
264 1# - PRODUCTION, PUBLICATION, DISTRIBUTION, MANUFACTURE, AND COPYRIGHT NOTICE
Place of production, publication, distribution, manufacture الجيزة :
Name of producer, publisher, distributor, manufacturer مكتبة النافذة،
Date of production, publication, distribution, manufacture, or copyright notice 2014.
300 ## - PHYSICAL DESCRIPTION
Extent 214ص.
650 17 - SUBJECT ADDED ENTRY--TOPICAL TERM
Topical term or geographic name as entry element عهد جمال عبد الناصر 1970 -1954
650 17 - SUBJECT ADDED ENTRY--TOPICAL TERM
Topical term or geographic name as entry element تاريخ مصر
650 17 - SUBJECT ADDED ENTRY--TOPICAL TERM
Topical term or geographic name as entry element التاريخ السياسي
942 ## - ADDED ENTRY ELEMENTS (KOHA)
Source of classification or shelving scheme Dewey Decimal Classification
Koha item type كتب
المقتنيات
حالة السحب حالة الفقدان مصدر التصنيف حالة التلف غير قابل للإعارة المكتبة الرئيسية المكتبة الحالية موقع الرف تاريخ التزويد الرقم المتسلسل Total Checkouts رقم الإستدعاء الباركود تاريخ آخر ظهور تاريخ الفاتورة نوع المادة (كوها)
    Dewey Decimal Classification     المكتبة المركزية المكتبة المركزية الإعارة 28/07/2025 1581900   962.061/قاس PLD00305529 28/07/2025 28/07/2025 كتب
    Dewey Decimal Classification     مكتبة أم قصير والمقابلين العامة مكتبة أم قصير والمقابلين العامة الإعارة 07/09/2014 1581904   962.061/قاس PLD00305883 28/07/2025 07/09/2014 كتب
    Dewey Decimal Classification     مكتبة الجويدة مكتبة الجويدة الإعارة 07/09/2014 1581902   962.061/قاس PLD00305881 28/07/2025 07/09/2014 كتب
    Dewey Decimal Classification     مكتبة النصر العامة مكتبة النصر العامة الإعارة 07/09/2014 1581901   962.061/قاس PLD00305880 28/07/2025 07/09/2014 كتب
    Dewey Decimal Classification     مكتبةمؤتة مكتبةمؤتة الإعارة 07/09/2014 1581903   962.061/قاس PLD00305882 28/07/2025 07/09/2014 كتب
Implemented & Customized by: BBB with SCIT (Smart Chains for Information Technology)

Powered by Koha